| 000 | 00413nam a22001217a 4500 | ||
|---|---|---|---|
| 082 | _a220 PRO | ||
| 100 |
_aAhsan bin Bilal, M.Umais Javed, Haider Ali Nawaz _971536 |
||
| 245 | _aPR-SOF-1464-WASTE HEAT RECOVERY FROM BISCUIT OVEN LINE & DESIGN OF HEAT EXCHANGER | ||
| 260 |
_aISLAMABAD _bNUST COLLEGE OF EME _c2015 |
||
| 650 | _aDE-MECH-33 | ||
| 700 |
_aCo-Supervisor, Asst. Prof Ahmad Sohail _971537 |
||
| 942 | _cCR | ||
| 999 |
_c577998 _d577998 |
||